000
00328 a2200109 4500
001
ART_11377
005
20260410161856.0
008
260409a
245
1
0
_a
Evaluación estratégica de la empresa
100
1
_a
Alvarez, Héctor Felipe
773
0
_t
Revista de Economía
_g
- Nº 60 (jul./sep. 1990)
_w
REV11077
999
_c
25514
_d
25514